[Event "Copenhagen Obro CXU New Year op"]
[Site "Copenhagen"]
[Date "2023.12.27"]
[Round "1"]
[White "Paludan, Noah"]
[Black "Hector, Jonny"]
[Result "0-1"]
[WhiteElo "1883"]
[BlackElo "2444"]
[PlyCount "76"]
[EventDate "2023.12.27"]
[EventType "swiss"]
[EventRounds "7"]
[EventCountry "DEN"]
[SourceTitle "CB01_2024"]
[SourceDate "2024.01.03"]
[SourceVersion "1"]
[SourceVersionDate "2024.01.03"]
[SourceQuality "1"]

1. e4 e5 2. Nf3 Nc6 3. Bc4 Nf6 4. d4 exd4 5. e5 Ng4 6. 0-0 Be7 7. Re1 d6 8. exd6 cxd6 9. Bg5 Nge5 10. Bxe7 Qxe7 11. Nbd2 0-0 12. h3 Be6 13. Bxe6 fxe6 14. Nxe5 Nxe5 15. Nb3 d3 16. cxd3 Qh4 17. Qe2 Rf6 18. Nd2 Raf8 19. Ne4 Rg6 20. Ng3 Qd4 21. Qe3 Qxd3 22. Rad1 Qxe3 23. Rxe3 Nc4 24. Rb3 b6 25. Rc3 d5 26. b3 Nd6 27. Rc7 Rgf6 28. f3 R6f7 29. Rc6 Rd7 30. Ne2 Rc8 31. Rdc1 Rxc6 32. Rxc6 Kf7 33. Nf4 g5 34. Nd3 Kf6 35. a4 Nf5 36. f4 gxf4 37. Nxf4 Nd4 38. Rc8 Nxb3 0-1

[Event "Copenhagen Obro CXU New Year op"]
[Site "Copenhagen"]
[Date "2023.12.27"]
[Round "2"]
[White "Vehl, Tina"]
[Black "Paludan, Noah"]
[Result "1/2-1/2"]
[WhiteElo "1777"]
[BlackElo "1883"]
[PlyCount "54"]
[EventDate "2023.12.27"]
[EventType "swiss"]
[EventRounds "7"]
[EventCountry "DEN"]
[SourceTitle "CB01_2024"]
[SourceDate "2024.01.03"]
[SourceVersion "1"]
[SourceVersionDate "2024.01.03"]
[SourceQuality "1"]

1. e4 c5 2. Nc3 Nc6 3. Bb5 Nd4 4. Nf3 a6 5. Bd3 g6 6. Nxd4 cxd4 7. Ne2 Bg7 8. c3 dxc3 9. dxc3 e6 10. Be3 Ne7 11. Qd2 h6 12. Rd1 Qc7 13. c4 Nc6 14. f4 b6 15. 0-0 Bb7 16. b3 0-0-0 17. Qe1 d5 18. cxd5 exd5 19. exd5 Rxd5 20. Qf2 Qd7 21. Bc2 b5 22. Rxd5 Qxd5 23. Rd1 Qe6 24. f5 Qe7 25. Bc5 Qg5 26. Be3 Qe7 27. Bc5 Qg5 1/2-1/2

[Event "DEN-ch G5-1 Gr1"]
[Site "Svendborg"]
[Date "2023.04.05"]
[Round "2"]
[White "Paludan, Noah"]
[Black "Justesen, Asger"]
[Result "0-1"]
[WhiteElo "1716"]
[BlackElo "1812"]
[PlyCount "96"]
[EventDate "2023.04.05"]
[EventType "swiss"]
[EventRounds "5"]
[EventCountry "DEN"]
[SourceTitle "CBM 213 Extra"]
[Source "ChessBase"]
[SourceDate "2023.05.31"]
[SourceVersion "1"]
[SourceVersionDate "2023.05.31"]
[SourceQuality "1"]

1. e4 c6 2. Nc3 d5 3. Nf3 dxe4 4. Nxe4 Nf6 5. Qe2 Nxe4 6. Qxe4 Nd7 7. Bc4 Nf6 8. Ne5 e6 9. Qe2 Bd6 10. d4 0-0 11. Bg5 Qa5+ 12. Bd2 Qc7 13. h4 b5 14. Bd3 c5 15. c3 a6 16. g4 Bb7 17. Rg1 Rad8 18. g5 Bxe5 19. f4 Bxd4 20. gxf6 Bxf6 21. 0-0-0 Qc6 22. Bc2 Qf3 23. Qh2 Rd7 24. Rdf1 Qd5 25. Bb3 c4 26. Bc2 Rfd8 27. Be3 b4 28. Rd1 Qf3 29. Bb6 Rxd1+ 30. Bxd1 Qd3 31. Bc2 Qd6 32. Bxd8 Bxd8 33. Rd1 Bd5 34. cxb4 Qxb4 35. Be4 Qa5 36. Bxd5 exd5 37. Qe2 h6 38. Qe8+ Kh7 39. Qxf7 Bf6 40. Kb1 Qb4 41. Rd4 Bxd4 42. Qf5+ g6 43. Qf7+ Bg7 44. Kc2 Qxb2+ 45. Kd1 c3 46. Ke1 Qd2+ 47. Kf1 c2 48. f5 c1R# 0-1

[Event "DEN-ch G5-1 Gr1"]
[Site "Svendborg"]
[Date "2023.04.05"]
[Round "5"]
[White "Paludan, Noah"]
[Black "Knudsen, Martin Mosgaard"]
[Result "1-0"]
[WhiteElo "1716"]
[BlackElo "1659"]
[PlyCount "89"]
[EventDate "2023.04.05"]
[EventType "swiss"]
[EventRounds "5"]
[EventCountry "DEN"]
[SourceTitle "CBM 213 Extra"]
[Source "ChessBase"]
[SourceDate "2023.05.31"]
[SourceVersion "1"]
[SourceVersionDate "2023.05.31"]
[SourceQuality "1"]

1. e4 e6 2. d4 d5 3. e5 c5 4. c3 Nc6 5. Nf3 Bd7 6. Bd3 Qb6 7. dxc5 Bxc5 8. 0-0 f6 9. b4 Be7 10. Re1 Qc7 11. Bf4 g5 12. Bg3 f5 13. Nxg5 h5 14. Bf4 Qd8 15. Nf3 Qc7 16. a4 Nh6 17. h3 Nf7 18. Na3 0-0-0 19. Nb5 Qb8 20. Rc1 Rdg8 21. Qd2 h4 22. Bxf5 Rg7 23. Bg4 Rhg8 24. Nbd4 Rg6 25. Nxc6 bxc6 26. Nd4 Ng5 27. Qd3 Kd8 28. Bxg5 Rxg5 29. b5 c5 30. Nc6+ Bxc6 31. bxc6 Rxe5 32. Rxe5 Qxe5 33. Qh7 Rg7 34. Qh8+ Kc7 35. Qa8 Bf6 36. Rb1 c4 37. Qxa7+ Kd6 38. Qb8+ Rc7 39. a5 Kxc6 40. Rb6+ Kd7 41. Rxe6 Qxe6 42. Bxe6+ Kd6 43. a6 Bd4 44. cxd4 c3 45. Bf5 1-0

[Event "Odense-ch"]
[Site "Odense"]
[Date "2022.10.14"]
[Round "3"]
[White "Paludan, Noah"]
[Black "Christensen, Adam Stanczyk"]
[Result "0-1"]
[WhiteElo "1645"]
[BlackElo "1539"]
[PlyCount "64"]
[EventDate "2022.10.14"]
[EventType "swiss"]
[EventRounds "5"]
[EventCountry "DEN"]
[SourceTitle "CBM 210 Extra"]
[Source "ChessBase"]
[SourceDate "2022.11.30"]
[SourceVersion "1"]
[SourceVersionDate "2022.11.30"]
[SourceQuality "1"]

1. e4 e6 2. d4 d5 3. e5 c5 4. c3 Nc6 5. Nf3 Qb6 6. Bd3 Bd7 7. dxc5 Bxc5 8. 0-0 f6 9. b4 Be7 10. Qe2 fxe5 11. b5 e4 12. bxc6 Bxc6 13. Ne5 exd3 14. Qh5+ Kd8 15. Nf7+ Kd7 16. Nxh8 Nf6 17. Qf3 Rxh8 18. Nd2 Bb5 19. a4 Ba6 20. Re1 Rf8 21. Rb1 Qc6 22. Qe3 Bc5 23. Qg3 Nh5 24. Qh4 Bxf2+ 25. Qxf2 Rxf2 26. Kxf2 Qxc3 27. Nf3 Qc2+ 28. Bd2 Qxa4 29. Rb4 Qa2 30. Reb1 Kd6 31. R1b2 Qa1 32. Ke3 e5 0-1